000 00353nam a2200157Ia 4500
008 100204s9999 xx 000 0 und d
082 _b29086
100 _aROBERTS NORA
245 _aVALLEY OF SILENCE
250 _a0
260 _bPPLATKUS
_c2006
300 _a342
630 _aVALLEY OF SILENCE
730 _aVALLEY OF SILENCE
942 _cBOOK
999 _c474295
_d474292